Introduction to lasers and their applications (Record no. 65839)

000 -LEADER
fixed length control field 00486nam a22001697a 4500
003 - CONTROL NUMBER IDENTIFIER
control field NUST - PNEC
005 - DATE AND TIME OF LATEST TRANSACTION
control field 20170116180929.0
008 - FIXED-LENGTH DATA ELEMENTS--GENERAL INFORMATION
fixed length control field 150905b xxu||||| |||| 00| 0 eng d
020 ## - INTERNATIONAL STANDARD BOOK NUMBER
International Standard Book Number 0201055090
040 ## - CATALOGING SOURCE
Transcribing agency LIBRARY
082 ## - DEWEY DECIMAL CLASSIFICATION NUMBER
Classification number 621.366 OSH
100 ## - MAIN ENTRY--PERSONAL NAME
9 (RLIN) 8119
Personal name O'Shea, Donald C.
245 ## - TITLE STATEMENT
Title Introduction to lasers and their applications
Statement of responsibility, etc. Donald C. O' Shea, William T. Rhodes and W. Russell,Callen
260 ## - PUBLICATION, DISTRIBUTION, ETC.
Date of publication, distribution, etc. c.1977
650 ## - SUBJECT ADDED ENTRY--TOPICAL TERM
9 (RLIN) 8122
Topical term or geographic name entry element Lasers
General subdivision EE, EL
942 ## - ADDED ENTRY ELEMENTS (KOHA)
Source of classification or shelving scheme
Koha item type Book
Holdings
Withdrawn status Lost status Source of classification or shelving scheme Damaged status Not for loan Permanent Location Current Location Shelving location Date acquired Total Checkouts Full call number Barcode Date last seen Price effective from Koha item type
          Pakistan Navy Engineering College (PNEC) Pakistan Navy Engineering College (PNEC)       621.366 OSH PNECLIB-013113 09/06/2015   Book
          Pakistan Navy Engineering College (PNEC) Pakistan Navy Engineering College (PNEC)       621.366 OSH PNECLIB-011545 09/07/2015   Book
          Pakistan Navy Engineering College (PNEC) Pakistan Navy Engineering College (PNEC)       621.366 OSH PNECLIB-011544 09/07/2015   Book
          Pakistan Navy Engineering College (PNEC) Pakistan Navy Engineering College (PNEC)       621.366 OSH PNECLIB-013321 09/29/2015   Book
          Pakistan Navy Engineering College (PNEC) Pakistan Navy Engineering College (PNEC)       621.366 OSH PNECLIB-013322 09/29/2015   Book
          Pakistan Navy Engineering College (PNEC) Pakistan Navy Engineering College (PNEC)       621.366 OSH PNECLIB-013320 10/01/2015   Book
          Pakistan Navy Engineering College (PNEC) Pakistan Navy Engineering College (PNEC)       621.366 OSH PNECLIB-013330 10/03/2015   Book
          Pakistan Navy Engineering College (PNEC) Pakistan Navy Engineering College (PNEC)       621.366 OSH PNECLIB-013328 10/04/2015   Book
          Pakistan Navy Engineering College (PNEC) Pakistan Navy Engineering College (PNEC)       621.366 OSH PNECLIB-013327 10/06/2015   Book
          Pakistan Navy Engineering College (PNEC) Pakistan Navy Engineering College (PNEC)       621.366 OSH PNECLIB-013325 10/06/2015   Book
          Pakistan Navy Engineering College (PNEC) Pakistan Navy Engineering College (PNEC)       621.366 OSH PNECLIB-013326 10/06/2015   Book
          Pakistan Navy Engineering College (PNEC) Pakistan Navy Engineering College (PNEC)       621.366 OSH PNECLIB-013323 10/06/2015   Book
          Pakistan Navy Engineering College (PNEC) Pakistan Navy Engineering College (PNEC)       621.366 OSH PNECLIB-013324 10/06/2015   Book
© 2023 Central Library, National University of Sciences and Technology. All Rights Reserved.